000 00422cam a2200169ua 4500
001 6189
008 131122n ii |||gr||||Z||||||eng
040 _cMAIN
082 _a651
245 _aBanijya Prabesika
_cBy Krisnakanta Kolita
260 _aGuwahati:
_bBaruah Agency,
_c1990.
300 _ax,320p.
653 _aOffice services
653 _aBanijya Prabesika
700 _aKolita,Krisnakanta,
_eAuthor.
942 _cBK
999 _c5341
_d5341